<?xml version="1.0" encoding="UTF-8"?><?xml-stylesheet type="text/xsl" href="static/style.xsl"?><OAI-PMH xmlns="http://www.openarchives.org/OAI/2.0/" xmlns:xsi="http://www.w3.org/2001/XMLSchema-instance" xsi:schemaLocation="http://www.openarchives.org/OAI/2.0/ http://www.openarchives.org/OAI/2.0/OAI-PMH.xsd"><responseDate>2026-06-02T17:22:55Z</responseDate><request verb="GetRecord" identifier="oai:riuma.uma.es:10630/35079" metadataPrefix="marc">https://riuma.uma.es/rest/oai/request</request><GetRecord><record><header><identifier>oai:riuma.uma.es:10630/35079</identifier><datestamp>2026-02-03T12:19:32Z</datestamp><setSpec>com_10630_2254</setSpec><setSpec>col_10630_37959</setSpec></header><metadata><record xmlns="http://www.loc.gov/MARC21/slim" xmlns:dcterms="http://purl.org/dc/terms/" xmlns:doc="http://www.lyncode.com/xoai" xmlns:xsi="http://www.w3.org/2001/XMLSchema-instance" xsi:schemaLocation="http://www.loc.gov/MARC21/slim http://www.loc.gov/standards/marcxml/schema/MARC21slim.xsd">
   <leader>00925njm 22002777a 4500</leader>
   <datafield ind2=" " ind1=" " tag="042">
      <subfield code="a">dc</subfield>
   </datafield>
   <datafield ind2=" " ind1=" " tag="720">
      <subfield code="a">Cotta-Porras, Carlos</subfield>
      <subfield code="e">author</subfield>
   </datafield>
   <datafield ind2=" " ind1=" " tag="260">
      <subfield code="c">2024</subfield>
   </datafield>
   <datafield ind2=" " ind1=" " tag="520">
      <subfield code="a">We consider the problem of optimizing the evacuation of a workplace environment by deciding the best arrangement of emergency exits. To this end, we consider a simulation-based approach that relies on the use of cellular automata to model the collective behavior of the crowd. In order to obtain problem instances more akin to realistic workplace environments, a problem instance generator based on L-attributed grammars is devised and described in detail. Subsequently, we consider the use of evolutionary algorithms, an iterated greedy heuristic, and Nelder-Mead method to solve the problem. In-depth experimentation is reported. It is shown that the evolutionary algorithm is superior during training and that Nelder-Mead method is also competitive during test, raising interesting prospects for future hybrid strategies.</subfield>
   </datafield>
   <datafield ind1="8" ind2=" " tag="024">
      <subfield code="a">C. Cotta, Optimization-Driven Workplace Evacuation using Evolutionary Algorithms and Derivative-Free Methods, Proceedings of the 8th International Conference on Intelligent Systems, Metaheuristics &amp; Swarm Intelligence, pp. 86-91, ACM, 2024</subfield>
   </datafield>
   <datafield ind1="8" ind2=" " tag="024">
      <subfield code="a">https://hdl.handle.net/10630/35079</subfield>
   </datafield>
   <datafield tag="653" ind2=" " ind1=" ">
      <subfield code="a">Computación evolutiva</subfield>
   </datafield>
   <datafield ind2="0" ind1="0" tag="245">
      <subfield code="a">Optimization-Driven Workplace Evacuation using Evolutionary Algorithms and Derivative-Free Methods</subfield>
   </datafield>
</record>
</metadata></record></GetRecord></OAI-PMH>